Des Löblichen Fürstenthumbs Steyer/ Landt vnd Peindlich Gerichts Ordnung/ Jm M.D.LXXIIII. Jar/ verpessert/ erleüttert/ verglichen vnd auffgericht Vnd ist in drey vnderschidliche Thail gesundert/ Deren Erster Thail handlet das Malefitz/ vnd was dem selben anhenging ist/ darumb Rechtlich das leben/ oder ein effentliche peinliche Leibstraff mag verwickt werden. Der ander Thail erklärt die Ordnung/ wie man das Malefitz Recht besitzen/ darinnen Procediren/ vnd dem Rechten gmäß die Vrtel formieren soll. Der dritte Thail helt in sich/ etlich Artickel von vnzuchten/ so in Gericht begangen werden/ vndetlichen andern fällen/ so das lauter Malefitz nit betreffen

Bibliographic Details
Main Author: Karol II. arciknieža rakúske (Author)
Corporate Author: Manger, Michael (Augsburg, Nemecko) (Printer)
Other Authors: Manger, Michael, zomrel 1603 (Printer)
Format: Book
Language:German
PhysicalDescription:[7], 56, [1] l. 2°
Published: Getruckt zů Augspurg/ durch Michael Manger M.D.LXXV. [=1575]
Subjects:

MARC

LEADER 00000nam a2200000 a 4500
001 vtls011699173
003 SK-MaSNL
005 20260301043322.0
008 240313t1575 gw a 000 0 ger
015 |a SNBHFA1575 
035 |a 8B6A9F5E-424A-4CDD-BFC1-04EBA7802A3F 
035 |a urn:nbn:sk:snk-amycud 
035 |a urn:nbn:sk:snk-am00chpo 
040 |a SNKHF  |b slo  |c SNK  |e AACR2 
041 0 |a ger 
044 |a gw  |c DE 
100 0 |a Karol  |b II.  |c arciknieža rakúske  |4 aut  |9 347932 
240 1 0 |a Ersamne Landschafft 
245 1 4 |a Des Löblichen Fürstenthumbs Steyer/ Landt vnd Peindlich Gerichts Ordnung/ Jm M.D.LXXIIII. Jar/ verpessert/ erleüttert/ verglichen vnd auffgericht  |b Vnd ist in drey vnderschidliche Thail gesundert/ Deren Erster Thail handlet das Malefitz/ vnd was dem selben anhenging ist/ darumb Rechtlich das leben/ oder ein effentliche peinliche Leibstraff mag verwickt werden. Der ander Thail erklärt die Ordnung/ wie man das Malefitz Recht besitzen/ darinnen Procediren/ vnd dem Rechten gmäß die Vrtel formieren soll. Der dritte Thail helt in sich/ etlich Artickel von vnzuchten/ so in Gericht begangen werden/ vndetlichen andern fällen/ so das lauter Malefitz nit betreffen 
260 |a Getruckt zů Augspurg/  |b durch Michael Manger  |c M.D.LXXV. [=1575] 
300 |a [7], 56, [1] l.  |c 2° 
500 |a Vinety, ozdobné iniciálky vo voľnom priestore na 5-6 r., titulný list s červeno-čiernou tlačou, kustódy, za tlačeným textom nemecký rukopisný švabach [6] s. 
501 |a Príväzok 1. k: KAROL II. - arciknieža rakúsky. Ainer Ersamen Landschafft des Löblichen Fürstenthumbs Steyr. Getruckt zu Augspurg/ : durch Michael Manger, M.D.LXXV. [=1575], fol.  |5 SNK IB 73317 
510 4 |a VD 16 S/8769 
550 |a Impresorské údaje doplnené z kolofónu 
650 0 7 |a krajinské právo  |2 SNK  |9 347933 
650 0 7 |a trestné právo  |2 SNKPH  |9 984 
651 7 |a Štajersko (Rakúsko)  |2 SNKPHgeo  |9 21000 
700 1 |a Manger, Michael,  |d zomrel 1603  |4 prt  |9 347934 
710 2 |a Manger, Michael (Augsburg, Nemecko),  |d 1570-1603  |4 prt  |9 347935 
752 |a Nemecko  |d Augsburg 
852 |a SNK  |b Zaiova knižnica: Zay M 1053, prív. 1  |p IB 73317, prív.1 
958 |a ONDV 
999 |c 593296  |d 595226 
952 |t Zay 1053  |a SNK  |b SNK  |c SNK_HF  |y PREZ  |7 0  |p 17A1130586  |o snkIB 73317/prív.1  |i snk2017/14832  |8 5  |0 0  |1 0  |4 0  |d 2017-06-26  |f 1  |l 0  |r 2026-02-23 15:30:52  |w 2026-02-23